| 000 | 00543pab a2200181 454500 | ||
|---|---|---|---|
| 008 | 180718b2011 xxu||||| |||| 00| 0 eng d | ||
| 100 | _aLindquist, Evert | ||
| 245 | _aThe Australian public service and policy advising: Meeting the challenges of 21st century governance | ||
| 260 | _c2011 | ||
| 300 | _ap.437-450. | ||
| 362 | _aDec | ||
| 650 | _aPublic administration - Australia | ||
| 650 | _aPublic administration | ||
| 700 | _aTiernan, Anne | ||
| 773 | _aAustralian Journal of Public Administration | ||
| 908 | _aN | ||
| 909 | _a96441 | ||
| 999 |
_c96441 _d96441 |
||